| 000 | 00349nam a2200157 a 4500 | ||
|---|---|---|---|
| 001 | 34659 | ||
| 005 | 20230414123606.0 | ||
| 008 | 140415s1970 sp 000 0 spa d | ||
| 041 | _aspa | ||
| 082 |
_a574 _bCEL |
||
| 245 | 0 | 3 | _aLA CELULA VIVA |
| 250 | _a2A ED. | ||
| 260 |
_aESPAÑA : _bBLUME, _c1970 |
||
| 300 | _a419 | ||
| 650 | 1 | 4 |
_aBIOLOGIA _xCEELULAS |
| 999 |
_c34659 _d34659 |
||